Menfreya in the morning / (Record no. 76609)
[ view plain ]
| 000 -LEADER | |
|---|---|
| fixed length control field | 00783cam a22002651 4500 |
| 001 - CONTROL NUMBER | |
| control field | 76609 |
| 003 - CONTROL NUMBER IDENTIFIER | |
| rucl marc code | BD-RjUL |
| 005 - DATE AND TIME OF LATEST TRANSACTION | |
| control field | 20211209082850.0 |
| 008 - FIXED-LENGTH DATA ELEMENTS--GENERAL INFORMATION | |
| fixed length control field | 191226r1966 nyu 000 1 eng |
| 035 ## - SYSTEM CONTROL NUMBER | |
| System control number | (BD-RjUL)76833 |
| 040 ## - CATALOGING SOURCE | |
| Original cataloging agency | DLC |
| Transcribing agency | DLC |
| Modifying agency | DLC |
| Language of cataloging | eng |
| 041 ## - LANGUAGE CODE | |
| Language code of text/sound track or separate title | eng |
| 082 ## - DEWEY DECIMAL CLASSIFICATION NUMBER | |
| Edition number | 19 |
| Classification number | 813.5 |
| Author mark and year | HOM 1966 |
| 100 1# - MAIN ENTRY--PERSONAL NAME | |
| Personal name | Holt, Victoria, |
| Dates associated with a name | 1906-1993. |
| 9 (RLIN) | 236878 |
| 245 10 - TITLE STATEMENT | |
| Title | Menfreya in the morning / |
| Statement of responsibility, etc. | [by] Victoria Holt. |
| 250 ## - EDITION STATEMENT | |
| Edition statement | [1st ed.] |
| 260 ## - PUBLICATION, DISTRIBUTION, ETC. (IMPRINT) | |
| Place of publication, distribution, etc. | New York .: |
| Name of publisher, distributor, etc. | Doubleday, |
| Date of publication, distribution, etc. | 1966. |
| 300 ## - PHYSICAL DESCRIPTION | |
| Pagination | 256 p.; |
| Size | 22 cm. |
| 500 ## - GENERAL NOTE | |
| General note | London ed. [Collins] has title: Menfreya. |
| 651 #0 - SUBJECT ADDED ENTRY--GEOGRAPHIC NAME | |
| Geographic name | Cornwall (England : County) |
| Form subdivision | Fiction. |
| 9 (RLIN) | 236879 |
| 906 ## - LOCAL DATA ELEMENT F, LDF (RLIN) | |
| a | 7 |
| b | cbc |
| c | orignew |
| d | u |
| e | ocip |
| f | 19 |
| g | y-gencatlg |
| 942 ## - ADDED ENTRY ELEMENTS (KOHA) | |
| Source of classification or shelving scheme | Dewey Decimal Classification |
| Koha item type | Books |
| Lost status | Source of classification or shelving scheme | Damaged status | Not for loan | Collection code | Permanent Location | Current Location | Shelving location | Date acquired | Source of acquisition | Total Checkouts | Full call number | Date last seen | Copy number | Koha item type |
|---|---|---|---|---|---|---|---|---|---|---|---|---|---|---|
| Dewey Decimal Classification | Not For Loan | Fiction | Central Library, University of Rajshahi | Central Library, University of Rajshahi | Reading Room | 29/04/1967 | USA | 813.5 HOM 1966 | 26/12/2019 | C-1 | Books |